| Tag |
First Indicator |
Second Indicator |
Subfields |
| LEADER |
00000cam a2200000Ia 4500 |
| 001 |
in00002474621 |
| 005 |
20210727085124.0 |
| 006 |
m d |
| 007 |
cr cn||||||||| |
| 008 |
081017s2006 nyua sbe 001 0 eng d |
| 020 |
|
|
|a 0387300384
|
| 020 |
|
|
|a 9780387300382
|
| 029 |
1 |
|
|a AU@
|b 000042692843
|
| 035 |
|
|
|a (OCoLC)262691088
|
| 035 |
|
|
|a (OCoLC)ocn262691088
|
| 035 |
|
|
|a 3071703
|
| 037 |
|
|
|a 978-0-387-24395-5
|b Springer
|n http://www.springerlink.com
|
| 040 |
|
|
|a GW5XE
|b eng
|c GW5XE
|d UtOrBLW
|
| 049 |
|
|
|a TEFA
|
| 050 |
1 |
4 |
|a QA76.575
|b .E5366 2006eb
|
| 082 |
0 |
4 |
|a 006.7/03
|2 22
|
| 245 |
0 |
0 |
|a Encyclopedia of multimedia /
|c editor-in-chief, Borko Furht.
|
| 264 |
|
1 |
|a New York, NY :
|b Springer,
|c [2006]
|
| 264 |
|
4 |
|c ©2006
|
| 300 |
|
|
|a xxiii, 983 pages :
|b illustrations ;
|c 29 cm.
|
| 336 |
|
|
|a text
|b txt
|2 rdacontent
|
| 337 |
|
|
|a computer
|b c
|2 rdamedia
|
| 338 |
|
|
|a online resource
|b cr
|2 rdacarrier
|
| 500 |
|
|
|a Electronic resource.
|
| 504 |
|
|
|a Includes bibliographical references and index.
|
| 533 |
|
|
|a Electronic reproduction.
|b New York :
|c Springer,
|d 2008.
|n Mode of access: World Wide Web.
|n System requirements: Web browser.
|n Title from title screen (viewed on Oct. 10, 2008).
|n Access may be restricted to users at subscribing institutions.
|
| 650 |
1 |
7 |
|a Multimedia.
|2 gtt
|
| 650 |
|
0 |
|a Multimedia systems
|v Encyclopedias.
|
| 650 |
|
6 |
|a Multimédia
|v Encyclopédies.
|
| 655 |
|
7 |
|a Electronic books.
|2 local
|
| 700 |
1 |
|
|a Furht, Borivoje.
|0 http://id.loc.gov/authorities/names/n85181545
|
| 710 |
2 |
|
|a SpringerLink (Online service)
|0 http://id.loc.gov/authorities/names/no2005046756
|
| 776 |
1 |
|
|c Original
|z 9780387243955
|z 038724395X
|z 9780387300382
|z 0387300384
|w (DLC) 2005935085
|w (OCoLC)62307440
|
| 856 |
4 |
0 |
|u http://proxy.library.tamu.edu/login?url=https://dx.doi.org/10.1007/0-387-30038-4
|z Connect to the full text of this electronic book
|t 0
|
| 856 |
4 |
2 |
|3 Publisher description
|u http://www.loc.gov/catdir/enhancements/fy0663/2005935085-d.html
|t 0
|
| 994 |
|
|
|a C0
|b TEF
|
| 999 |
|
|
|a MARS
|
| 999 |
f |
f |
|s bff2a68e-3cd6-3e8f-98bc-4a6b24e77d01
|i d66e0151-a91c-32ca-a631-b9b62c58f470
|t 0
|
| 952 |
f |
f |
|a Texas A&M University
|b College Station
|c Electronic Resources
|d Available Online
|t 0
|e QA76.575 .E5366 2006eb
|h Library of Congress classification
|
| 998 |
f |
f |
|a QA76.575 .E5366 2006eb
|t 0
|l Available Online
|